| 000 | 00383nam a22001337a 4500 | ||
|---|---|---|---|
| 020 | _a9788129701077 | ||
| 040 | _cnust | ||
| 082 |
_2Sixth Edition _a621.382 _bTOM |
||
| 100 | _aTomasi Wayne | ||
| 245 | _aAdvanced Electronics Communication System | ||
| 260 |
_aIndia: _bPearson Education Inc, _c2004. |
||
| 650 |
_aAdvanced Electronics Communication System _9122601 |
||
| 942 |
_2ddc _cBK |
||
| 999 |
_c609059 _d609059 |
||